The world's laws and practices on population and sexuality education / (Record no. 59474)
[ view plain ]
| 000 -LEADER | |
|---|---|
| fixed length control field | 01179nam a2200325 a 4500 |
| 001 - CONTROL NUMBER | |
| control field | 59474 |
| 003 - CONTROL NUMBER IDENTIFIER | |
| rucl marc code | BD-RJUL |
| 005 - DATE AND TIME OF LATEST TRANSACTION | |
| control field | 20211209080733.0 |
| 008 - FIXED-LENGTH DATA ELEMENTS--GENERAL INFORMATION | |
| fixed length control field | 161226s1975 mau b 000 0 eng |
| 035 ## - SYSTEM CONTROL NUMBER | |
| System control number | BD-RJUL 59598 |
| System control number | (OCoLC)01894540 |
| System control number | GLIS00382913 |
| 040 ## - CATALOGING SOURCE | |
| Original cataloging agency | DLC |
| Transcribing agency | DLC |
| Modifying agency | m.c. |
| -- | MYG |
| Language of cataloging | eng |
| 041 ## - LANGUAGE CODE | |
| Language code of text/sound track or separate title | eng |
| 082 ## - DEWEY DECIMAL CLASSIFICATION NUMBER | |
| Edition number | 23 |
| Classification number | 344.048 |
| Author mark and year | KEW 1975 |
| 090 ## - LOCALLY ASSIGNED LC-TYPE CALL NUMBER (OCLC); LOCAL CALL NUMBER (OCLC) | |
| Classification number (OCLC) (R) ; Classification number, CALL (RLIN) (NR) | K2000.A15 |
| Local cutter number (OCLC) ; Book number/undivided call number, CALL (RLIN) | L39 no.25 |
| 099 ## - LOCAL FREE-TEXT CALL NUMBER (OCLC) | |
| Bangla Class number | K2000.A15.L39 no.25 |
| 100 1# - MAIN ENTRY--PERSONAL NAME | |
| Personal name | Kellogg, Edmund Halsey, |
| Dates associated with a name | 1912- |
| 9 (RLIN) | 176904 |
| 245 14 - TITLE STATEMENT | |
| Title | The world's laws and practices on population and sexuality education / |
| Statement of responsibility, etc. | E. H. Kellogg, D. K. Kline, Jan Stepan. |
| 260 ## - PUBLICATION, DISTRIBUTION, ETC. (IMPRINT) | |
| Place of publication, distribution, etc. | Medford, Mass. : |
| Name of publisher, distributor, etc. | Law and Population Programme, Fletcher School of Law and Diplomacy, Tufts University, |
| Date of publication, distribution, etc. | 1975. |
| 300 ## - PHYSICAL DESCRIPTION | |
| Pagination | vi, 127 p. ; |
| Size | 28 cm. |
| 490 1# - SERIES STATEMENT | |
| Series statement | Law and population monograph series ; |
| Volume/sequential designation | no. 25 |
| 504 ## - BIBLIOGRAPHY, ETC. NOTE | |
| Bibliography, etc | Includes bibliographical references. |
| 650 #0 - SUBJECT ADDED ENTRY--TOPICAL TERM | |
| Topical term or geographic name as entry element | Population control |
| General subdivision | Law and legislation. |
| 9 (RLIN) | 176905 |
| 700 1# - ADDED ENTRY--PERSONAL NAME | |
| Personal name | Kline, David K. |
| Personal name | Stepan, Jan. |
| 830 #0 - SERIES ADDED ENTRY--UNIFORM TITLE | |
| Uniform title | Law and population monograph series ; |
| Volume number/sequential designation | no. 25. |
| 942 ## - ADDED ENTRY ELEMENTS (KOHA) | |
| Source of classification or shelving scheme | Dewey Decimal Classification |
| Koha item type | Books |
| 949 ## - LOCAL PROCESSING INFORMATION (OCLC) | |
| a | MYGD |
| b | 39080005642985 |
| Lost status | Source of classification or shelving scheme | Damaged status | Not for loan | Collection code | Permanent Location | Current Location | Shelving location | Date acquired | Source of acquisition | Cost, normal purchase price | Total Checkouts | Full call number | Date last seen | Copy number | Koha item type |
|---|---|---|---|---|---|---|---|---|---|---|---|---|---|---|---|
| Dewey Decimal Classification | Not For Loan | Non-fiction | Central Library, University of Rajshahi | Central Library, University of Rajshahi | Reading Room | 30/10/1983 | Zeetlinger | 53.00 | 344.048 KEW 1975 | 26/12/2016 | C-1 | Books |